| 000 | 00544nam a2200145 a 4500 | ||
|---|---|---|---|
| 001 | 000026622 | ||
| 005 | 20200930030323.0 | ||
| 008 | 110324s2012 dr a 000 spa d | ||
| 040 |
_aDO-SdBNP _bspa _cBNPHU |
||
| 111 | 2 |
_aConferencia Internacional de las Américas _n(26 al 30 de octubre _d2011 _cPunta Cana, República Dominicana _953726 |
|
| 245 | 0 | _aConferencia internacional de las américas - 2011-. | |
| 260 |
_aPunta Cana, República Dominicana : _bFUNGLODE, _c[2012]. |
||
| 300 |
_a71 p. : _bil. ; _c29 cm. |
||
| 590 | _aInventariado, 2020 / DG | ||
| 999 |
_c26114 _d26114 |
||